Space odyssey

Bibliographic Details
Main Author: Silverberg, Robert
Format: Book
Published: New York : Gallery Books , 1987

MARC

LEADER 00000cam a2200000 7i4500
001 0000008975
002 000009776
005 20000330.0
020 |a 0831779888 
090 0 0 |a F   |b SIL 
100 1 |a Silverberg, Robert 
245 1 0 |a Space odyssey   |c Robert Silverberg 
260 |a New York :   |b Gallery Books ,   |c 1987 
300 |a 292p. ;   |c 23cm. 
999 |a 026188   |b BUKU   |c PINJAMAN   |e PERPUSTAKAAN KOMUNITI PETALING JAYA